01615nam a22002417a 45000010005000000030006000050050017000110080041000280200018000690400029000870500012001160820010001281000022001382450120001602500036002802600034003163000043003504900022003935200881004156500034012966500011013307000032013412912FISKH20251127083611.0240123b cb ||||| |||| 00| 0 eng d a9781407107158 aFISKHbengcFISKHdFISKH aZ103.3  a652.8 aPoskitt, Kjartan  aThe secret life of codes ; bIt's maths with the laughs added in! /cKjartan Poskitt ; illustrated by philip Reeve  aThis edition published in 2010  aLondon : bScholastic, c2007 a157 pages : billustrations ; c20 cm  aMurderous Maths  aDid you ever want to send a message that only your friend can read? Or did you want to try and uncover a secret communication from someone else? If so, then here's everything you need to know about creating and cracking codes--from the simplest substitution messages to the secrets of the well-known World War II coding contraption, the amazing Enigma Machine! The book includes information about: Substitution codes Scrambling codes Codes containing unrecognizable symbols Other message systems such as Morse code and flags And how to make your own Enigma machine! You'll be thrilled as this amusing book takes you on a codebreaking adventure, learning ways to decode both simple and difficult puzzles, as well as provides you with a history on the cryptology. Filled with tips and enjoyable illustrations by Ian Baker, Codes will have you sending secret messages in no time. aMurderous Maths vNonfiction  aCodes  aReeve, Philipeillustrator